LEADER 02006nam 2200589Ia 450 001 9910452211503321 005 20200520144314.0 010 $a0-8166-5214-7 035 $a(CKB)1000000000472760 035 $a(EBL)310149 035 $a(OCoLC)476092858 035 $a(SSID)ssj0000238942 035 $a(PQKBManifestationID)11199900 035 $a(PQKBTitleCode)TC0000238942 035 $a(PQKBWorkID)10238987 035 $a(PQKB)10900102 035 $a(MiAaPQ)EBC310149 035 $a(OCoLC)191935663 035 $a(MdBmJHUP)muse39778 035 $a(Au-PeEL)EBL310149 035 $a(CaPaEBR)ebr10167216 035 $a(CaONFJC)MIL523258 035 $a(OCoLC)437188410 035 $a(EXLCZ)991000000000472760 100 $a19861008d1970 uy 0 101 0 $aeng 135 $aur|n|---||||| 181 $ctxt 182 $cc 183 $acr 200 10$aRobert Lowell$b[electronic resource] 210 $aMinneapolis, MN $cUniversity of Minnesota Press$d1970 215 $a1 online resource (49 p.) 225 1 $aUniversity of Minnesota pamphlets on American writers ;$vno. 92 300 $aDescription based upon print version of record. 311 $a0-8166-0564-5 320 $aBibliography: p. 47-48. 327 $aRobert Lowell; Selected Bibliography 330 $aRobert Lowell - American Writers 92 was first published in 1970. Minnesota Archive Editions uses digital technology to make long-unavailable books once again accessible, and are published unaltered from the original University of Minnesota Press editions. 410 0$aUniversity of Minnesota pamphlets on American writers ;$vno. 92. 606 $aPoets, American$y20th century$vBiography 608 $aElectronic books. 615 0$aPoets, American 676 $a811/.5/2 700 $aMartin$b Jay$0394469 801 0$bMiAaPQ 801 1$bMiAaPQ 801 2$bMiAaPQ 906 $aBOOK 912 $a9910452211503321 996 $aRobert Lowell$92121668 997 $aUNINA LEADER 04676nam 22006015 450 001 9910746094703321 005 20251008140501.0 010 $a9783031318948 010 $a3031318943 024 7 $a10.1007/978-3-031-31894-8 035 $a(MiAaPQ)EBC30614315 035 $a(Au-PeEL)EBL30614315 035 $a(DE-He213)978-3-031-31894-8 035 $a(CKB)27357715500041 035 $a(OCoLC)1390562415 035 $a(EXLCZ)9927357715500041 100 $a20230630d2023 u| 0 101 0 $aeng 135 $aurcnu|||||||| 181 $ctxt$2rdacontent 182 $cc$2rdamedia 183 $acr$2rdacarrier 200 14$aThe Bubble Act $eNew Perspectives from Passage to Repeal and Beyond /$fedited by Helen Paul, Nicholas Di Liberto, D`Maris Coffman 205 $a1st ed. 2023. 210 1$aCham :$cSpringer International Publishing :$cImprint: Palgrave Macmillan,$d2023. 215 $a1 online resource (368 pages) $cillustrations (black and white) 225 1 $aPalgrave Studies in the History of Finance,$x2662-5172 311 08$aPrint version: Paul, Helen The Bubble Act Cham : Springer International Publishing AG,c2023 9783031318931 327 $aIntroduction -- The Bubble Act and the First Corporate Economy -- ?Mr Morice is said to appear at the head?: The Bubble Act and an Aborted Joint-Stock Slave-Trading Company -- ?That ever-memorable year of epidemical infatuation?: Incorporation, the Jamaica Mines Company, and the Bubble Act of 1720 -- Pamphlet Poetry and the South Sea Bubble -- Decoding the Bubble: Popular Magic, Financial Deception, and Eliza Haywood?s Memoirs of a Certain Island Adjacent to Utopia -- Consequences Unintended: The Bubble Act and American Independence -- Capitalism by Generalists: The Governance of the Ayr Bank and the Emergence of Professionalism in Mid-Eighteenth-Century Scottish Banking -- Royal Charters, Royal Power, and the Business of Empire -- Babbage?s Age of Speculation: Calculating the Value of Life After the Repeal of the Bubble Act -- The Repeal of the Bubble Act and the Debate Between the Currency School and the Banking School -- Agency Houses in Bengal and the Indigo Bubble -- Epilogue. 330 $aThis book reassesses the actual effects of the Bubble Act, still popularly associated with the bursting of the South Sea Bubble. The book builds on the foundational work of Ron Harris to discuss the act?s effect on corporate governance, literary culture, colonial law, and the Industrial Revolution. The Bubble Act was deemed an empty letter within England itself as it was rarely used in legal proceedings. Several chapters consider whether this was the case outside England, from Scotland to the Americas, India, and Africa. Others assess the impact of the act, both on literary culture and in the history of economic thought. The act has been conceptualized as a brake on economic development or of little consequence. This edited collection offers a timely reassessment of the Bubble Act and its legacy. Helen Paul is a Lecturer in Economics and Economic History at the University of Southampton and an honorary associate professor at UCL. Shewas the Honorary Secretary of the Economic History Society and now serves on the Council of the Royal Historical Society. She studied at Oxford and St Andrews. Nicholas Di Liberto is an honorary assistant researcher at the Bartlett School of Sustainable Construction, UCL. He is co-editor and translator of Jean Lescure, General and Periodic Crises of Overproduction (2023), and translator of Albert Aftalion, Periodic Crises of Overproduction (forthcoming). D?Maris Coffman is the Professor of Economics and Finance of the Built Environment at UCL. She is also Director of the Bartlett School of Construction and Project Management. She is editor-in-chief of Elsevier?s Structural Change and Economic Dynamics and an editor of the Palgrave Studies in the History of Finance. 410 0$aPalgrave Studies in the History of Finance,$x2662-5172 606 $aFinance 606 $aHistory 606 $aFinance$xLaw and legislation 606 $aFinancial History 606 $aFinancial Law 615 0$aFinance. 615 0$aHistory. 615 0$aFinance$xLaw and legislation. 615 14$aFinancial History. 615 24$aFinancial Law. 676 $a332.0941 676 $a332.0941 701 $aPaul$b Helen$01427783 701 $aDi Liberto$b Nicholas$01427784 701 $aCoffman$b D'Maris$f1973-$01278004 801 0$bMiAaPQ 801 1$bMiAaPQ 801 2$bMiAaPQ 906 $aBOOK 912 $a9910746094703321 996 $aThe Bubble Act$93562725 997 $aUNINA